Urban sociology in India (Record no. 352331)

000 -LEADER
fixed length control field 00370cam a22001337a 4500
008 - FIXED-LENGTH DATA ELEMENTS--GENERAL INFORMATION
fixed length control field 180718b1974 xxu||||| |||| 00| 0 eng d
082 ## - DEWEY DECIMAL CLASSIFICATION NUMBER
Classification number B131x54 R18u
245 ## - TITLE STATEMENT
Title Urban sociology in India
Statement of responsibility, etc. edited by M.S.A. Rao
260 ## - PUBLICATION, DISTRIBUTION, ETC.
Place of publication, distribution, etc. New Delhi
Name of publisher, distributor, etc. Orient Longman
Date of publication, distribution, etc. 1974
300 ## - PHYSICAL DESCRIPTION
Extent 542p.
650 ## - SUBJECT ADDED ENTRY--TOPICAL TERM
Topical term or geographic name entry element Urbanization - India.
650 ## - SUBJECT ADDED ENTRY--TOPICAL TERM
Topical term or geographic name entry element Sociology, Urban
700 ## - ADDED ENTRY--PERSONAL NAME
Personal name Rao, M.S.A.
Holdings
Withdrawn status Lost status Damaged status Not for loan Permanent Location Current Location Date acquired Full call number Barcode Date last seen Price effective from Koha item type
        Indian Institute of Public Administration Indian Institute of Public Administration 1993-11-22 B131x54 R18u 49274 2018-07-21 2018-07-21 Book

Powered by Koha